Good products, bad products : essential elements to achieving superior quality.
| Main Author: | |
|---|---|
| Format: | Book |
| Published: |
New York:
Mc Graw-Hill,
2012.
|
| Subjects: |
| LEADER | 00503cam a2200157 7i4500 | ||
|---|---|---|---|
| 001 | 0000028403 | ||
| 005 | 20130320090000.0 | ||
| 020 | 0 | 0 | |a 9780071782401 |
| 090 | 0 | 0 | |a B 658.4013 |b ADA |
| 100 | 1 | 0 | |a Adam |
| 245 | 1 | 0 | |a Good products, bad products : |b essential elements to achieving superior quality. |
| 260 | 0 | 0 | |a New York: |b Mc Graw-Hill, |c 2012. |
| 300 | # | # | |a 255 p. |
| 650 | 0 | 0 | |a Quality of products |
| 650 | 0 | 0 | |a Manufacturing industries -- |x Quality control |
| 999 | |a B000031914 |b Book |c Book |e Business Information Centre | ||


